Normale Ansicht MARC-Ansicht ISBD

Predigt im orthodoxen Rußland : (Titelsatznr. 39284)

[ MARC ]
MARC-Details
000 -Satzkennung
Kontrollfeld mit fester Länge 00707nam a22002171c 4500
001 - Kontrollnummer
Kontrollfeld 21916827x
008 - Feld mit fester Länge zur physischen Beschreibung - Allgemeine Angaben
Kontrollfeld mit fester Länge 160826s1972 gw a||| 000u ger d
020 ## - Internationale Standardbuchnummer
Internationale Standardbuchnummer 3525564287
Verknüpfung 3-525-56428-7
040 ## - Katalogisierungsquelle
Übertragungsstelle RU-10907106
003 - Kontrollnummer Identifier
Kontrollfeld RU-10907106
100 1# - Haupteintragung - Personenname
Personenname Felmy, Karl Christian
245 00 - Titel
Titel Predigt im orthodoxen Rußland :
Zusatz zum Titel Untersuchungen zu Inhalt und Eigenart der russischen Predigt in der 2. Hälfte des 19. Jahrhunderts /
Verfasserangabe etc. Karl Christian Felmy
246 10 - Titelvarianten
Hauptsachtitel/Kurztitel neunzehnten
264 ## - Produktion, Veröffentlichung, Distribution, Herstellung und Urheberrechtsvermerk
Herstellungs-, Veröffentlichungs- Vertriebs-, Erzeugungsort Göttingen :
Produzent, Herausgeber, Distributor, Hersteller Vandenhoeck & Ruprecht,
Datum der Herstellung, der Veröffentlichung, des Vertriebs oder des Urheberschutzvermerks 1972
300 ## - Physische Beschreibung
Umfang 320 S : Ill
490 #0 - Gesamttitelangabe
Gesamttitelangabe Kirche im Osten
Bandnummer/Folgebezeichnung Monographienreihe ; 11
650 #0 - Nebeneintragung unter einem Schlagwort - Sachschlagwort
Sachschlagwort oder geografischer Name als Eintragungselement Predigt
650 #0 - Nebeneintragung unter einem Schlagwort - Sachschlagwort
Sachschlagwort oder geografischer Name als Eintragungselement Ostchristentum
651 #0 - Nebeneintragung unter einem Schlagwort - Geografischer Name
Geografischer Name Russland
942 ## - Zusätzliche Felder (Koha)
Koha-Medientyp Monographien
Exemplare
Ausgeschieden Verloren Klassifikation oder Aufstellungssystematik Beschädigt Nicht entleihbar Heimatbibliothek Aufenthaltsbibliothek Erwerbungsdatum Inventarnummer Anzahl Verlängerungen Signatur Barcode Ausgeliehen Letzte Aktivität Letzte Ausleihe Preis gültig von Koha-Medientyp
    Andere/Generische Klassifikation     MWN Osteuropa MWN Osteuropa 26/08/2016 16-03216 4 R 54 l Fel E00401509E3371B8 29/01/2023 10/01/2022 10/01/2022 22/03/2021 Monographien